[Event "ÕÕÕII Nezhmetdinov Memorial"]
[Site "?"]
[Date "2010.06.03"]
[Round "4.41"]
[White "Khairullin, Adel"]
[Black "Emelianov, Fedor"]
[Result "1/2-1/2"]
[WhiteElo "1916"]
[BlackElo "2165"]
[PlyCount "102"]
[EventDate "2010.06.01"]
[SourceDate "2010.06.04"]

1. e4 c5 2. Nf3 e6 3. d4 cxd4 4. Nxd4 Nf6 5. Nc3 d6 6. Be2 a6 7. O-O Nbd7 8. f4
b5 9. a3 Bb7 10. Bf3 Rc8 11. Qe1 Rc4 12. Nb3 e5 13. Be2 Rc8 14. Bd3 Be7 15.
fxe5 Nxe5 16. Kh1 O-O 17. Nd4 Re8 18. Nf5 Bf8 19. Bg5 Kh8 20. Qg3 Nh5 21. Qh4
f6 22. Bd2 g6 23. Nh6 Be7 24. Be2 Ng7 25. Qh3 Rf8 26. Rad1 Qd7 27. Ng4 Qe6 28.
Bh6 Nf7 29. Bf4 Ng5 30. Bxg5 fxg5 31. Qe3 Nh5 32. Nh6 Nf6 33. Qd4 Qe5 34. Qxe5
dxe5 35. Bf3 Rc4 36. Rfe1 Bxa3 37. Nxb5 axb5 38. bxa3 Kg7 39. Ng4 Nxg4 40. Bxg4
Rxc2 41. Be6 Bc6 42. Bd5 Be8 43. Rc1 Rff2 44. Rg1 g4 45. Bb3 Rc6 46. Bd5 Rcf6
47. Rc7+ Kh6 48. Re7 Bc6 49. Rxe5 Bxd5 50. Rxd5 Rb2 51. e5 Rff2 1/2-1/2

[Event "ÕÕÕII Nezhmetdinov Memorial"]
[Site "?"]
[Date "2010.06.03"]
[Round "4.42"]
[White "Sadykov, Airat F."]
[Black "Glukhov, Alexander"]
[Result "1-0"]
[WhiteElo "2112"]
[BlackElo "2034"]
[PlyCount "87"]
[EventDate "2010.06.01"]
[SourceDate "2010.06.04"]

1. d4 d5 2. c4 c6 3. Nf3 Nf6 4. Nc3 e6 5. Bg5 h6 6. Bh4 Be7 7. e3 O-O 8. Bd3
Nbd7 9. O-O b6 10. Rc1 Bb7 11. cxd5 cxd5 12. Bb1 Rc8 13. Bg3 Ne4 14. Nxe4 dxe4
15. Nd2 f5 16. Qb3 Rf6 17. Qa4 a6 18. Nb3 b5 19. Qa5 Rc4 20. Bc7 Qf8 21. a3 Ra4
22. Qd2 Bd5 23. Na5 Bd8 24. Bxd8 Qxd8 25. Nc6 Qe8 26. Nb4 Qh5 27. Bc2 Rxb4 28.
Qxb4 Rg6 29. Bb3 Qh3 30. g3 Nf6 31. Bd1 Bc4 32. Rxc4 bxc4 33. Qxc4 Nd5 34. Qe2
f4 35. exf4 Nxf4 36. Qxe4 Rf6 37. gxf4 Kf7 38. Bf3 g5 39. Bg2 Qh5 40. Qh7+ Ke8
41. Rc1 Rf7 42. Qg8+ Ke7 43. Rc7+ Kd6 44. Qd8+ 1-0

[Event "ÕÕÕII Nezhmetdinov Memorial"]
[Site "?"]
[Date "2010.06.03"]
[Round "4.43"]
[White "Zakharov, Kirill"]
[Black "Agafonov, Anton V."]
[Result "1-0"]
[WhiteElo "1911"]
[BlackElo "2056"]
[PlyCount "53"]
[EventDate "2010.06.01"]
[SourceDate "2010.06.04"]

1. d4 d5 2. Nf3 Nf6 3. c4 e6 4. Nc3 Be7 5. Bg5 O-O 6. cxd5 exd5 7. e3 c6 8. Bd3
Ne4 9. Bxe7 Qxe7 10. Qc2 f5 11. O-O Nd7 12. Rab1 Rf6 13. Ne2 Rh6 14. h4 g5 15.
hxg5 Nxg5 16. Nxg5 Qxg5 17. Nf4 Nf6 18. g3 Ng4 19. Be2 Bd7 20. Bf3 Nh2 21. Kg2
Nxf1 22. Rxf1 Qe7 23. Qb3 b6 24. Bxd5+ cxd5 25. Qxd5+ Kg7 26. Nh5+ Rxh5 27.
Qxa8 1-0

[Event "ÕÕÕII Nezhmetdinov Memorial"]
[Site "?"]
[Date "2010.06.03"]
[Round "4.44"]
[White "Kalinin, Nikita"]
[Black "Ivanov, Nikolay A."]
[Result "1-0"]
[WhiteElo "2032"]
[BlackElo "1977"]
[PlyCount "89"]
[EventDate "2010.06.01"]
[SourceDate "2010.06.04"]

1. e4 c5 2. Nf3 Nc6 3. d4 cxd4 4. Nxd4 Nf6 5. Nc3 e6 6. Be3 Bb4 7. Bd3 d5 8.
Nxc6 bxc6 9. exd5 Nxd5 10. O-O Nxc3 11. bxc3 Bxc3 12. Rb1 Bf6 13. Qf3 Qc7 14.
Bf4 e5 15. Rfe1 O-O 16. Qe4 g6 17. Bxe5 Qxe5 18. Qxe5 Bxe5 19. Rxe5 Be6 20. Ra5
Rab8 21. Rxb8 Rxb8 22. f4 Rb7 23. a3 Rc7 24. f5 gxf5 25. Bxf5 Bxf5 26. Rxf5 Kg7
27. Rc5 Kf6 28. Kf2 Ke6 29. g4 Kd6 30. Rh5 f6 31. h4 Rb7 32. Ke3 Rb2 33. Rxh7
Rxc2 34. Rxa7 Rh2 35. h5 f5 36. g5 Rxh5 37. Kf4 Ke6 38. g6 Kf6 39. g7 Rh4+ 40.
Kf3 Rg4 41. a4 Ke6 42. a5 Kd6 43. a6 c5 44. Rb7 Kc6 45. Rf7 1-0

[Event "ÕÕÕII Nezhmetdinov Memorial"]
[Site "?"]
[Date "2010.06.03"]
[Round "4.45"]
[White "Ryskanov, Ildar"]
[Black "Belskiy, Artem"]
[Result "1-0"]
[WhiteElo "1976"]
[BlackElo "1622"]
[PlyCount "89"]
[EventDate "2010.06.01"]
[SourceDate "2010.06.04"]

1. e4 e6 2. d4 d5 3. e5 c5 4. c3 Nc6 5. Nf3 cxd4 6. cxd4 Qb6 7. a3 Bd7 8. b4
Rc8 9. Bb2 Na5 10. Nbd2 Nc6 11. Bd3 Nge7 12. O-O a6 13. Nb3 Na7 14. Nc5 Bb5 15.
Rc1 Bxd3 16. Qxd3 Qb5 17. Qxb5+ Nxb5 18. Nxb7 Nc6 19. Na5 Nba7 20. Nxc6 Rxc6
21. Rxc6 Nxc6 22. Rc1 Kd7 23. Nd2 Be7 24. Nb3 Rb8 25. Nc5+ Bxc5 26. Rxc5 Rb5
27. Rxb5 axb5 28. Kf1 Ne7 29. Ke2 Nc8 30. Kd3 Nb6 31. Kc3 Nc4 32. Kb3 Kc6 33.
g3 g6 34. Bc1 Nb6 35. Kc3 Nc4 36. Kd3 Kd7 37. Ke2 Nb6 38. Kf3 Na4 39. Kg4 h5+
40. Kg5 Nc3 41. g4 Ne4+ 42. Kh4 hxg4 43. Be3 Nc3 44. Kxg4 Nb1 45. Bc1 1-0

[Event "ÕÕÕII Nezhmetdinov Memorial"]
[Site "?"]
[Date "2010.06.03"]
[Round "4.46"]
[White "Garifulin, Ildar"]
[Black "Iskhakov, Artur"]
[Result "1/2-1/2"]
[WhiteElo "1847"]
[BlackElo "1815"]
[PlyCount "81"]
[EventDate "2010.06.01"]
[SourceDate "2010.06.04"]

1. e4 e5 2. Nf3 Nc6 3. Bc4 Be7 4. d4 exd4 5. Nxd4 Nf6 6. Nxc6 dxc6 7. Qxd8+
Bxd8 8. f3 O-O 9. Kf2 b5 10. Be2 Be7 11. Be3 Be6 12. Nd2 Rad8 13. Nb3 a6 14.
Rhd1 Ra8 15. Bc5 Rfe8 16. Bxe7 Rxe7 17. Nc5 Kf8 18. a4 Ree8 19. axb5 axb5 20.
Nxe6+ fxe6 21. g3 Ke7 22. Ke3 Rad8 23. Bf1 Rd7 24. Rxd7+ Nxd7 25. Bh3 Kd6 26.
Rd1+ Ke7 27. f4 g6 28. e5 Nb6 29. b3 Nd5+ 30. Kd4 b4 31. Kc5 Kd7 32. Bg2 Rb8
33. Bxd5 Rb5+ 34. Kc4 exd5+ 35. Kd4 Ke6 36. Ra1 c5+ 37. Kd3 Rb6 38. Ra8 h5 39.
Rf8 Ke7 40. Rg8 Kf7 41. Rd8 1/2-1/2

[Event "ÕÕÕII Nezhmetdinov Memorial"]
[Site "?"]
[Date "2010.06.04"]
[Round "5.6"]
[White "Ulanov, Sergei"]
[Black "Galliamova, Alisa"]
[Result "1-0"]
[WhiteElo "2145"]
[BlackElo "2487"]
[PlyCount "29"]
[EventDate "2010.06.01"]
[SourceDate "2010.06.04"]

1. d4 Nf6 2. Nf3 e6 3. Bg5 h6 4. Bxf6 Qxf6 5. c3 d5 6. Nbd2 c5 7. e4 cxd4 8.
Nxd4 Nc6 9. Bb5 Bd7 10. Qa4 e5 11. N4f3 dxe4 12. Qxe4 O-O-O 13. O-O-O Bd6 14.
Qe3 Bb8 15. Ne4 1-0

[Event "ÕÕÕII Nezhmetdinov Memorial"]
[Site "?"]
[Date "2010.06.04"]
[Round "5.4"]
[White "Sadykov, Ramil"]
[Black "Alavkin, Arseny"]
[Result "1-0"]
[WhiteElo "2207"]
[BlackElo "2460"]
[PlyCount "45"]
[EventDate "2010.06.01"]
[SourceDate "2010.06.04"]

1. e4 e6 2. d4 d5 3. e5 c5 4. c3 Qb6 5. Nf3 Bd7 6. a3 cxd4 7. cxd4 Bb5 8. Bxb5+
Qxb5 9. Nc3 Qd7 10. Ne2 Ne7 11. Nf4 Ng6 12. Nh5 Qb5 13. Qe2 Qxe2+ 14. Kxe2 Nd7
15. Bd2 f6 16. Rac1 Kd8 17. Rhe1 h6 18. exf6 gxf6 19. Kf1 e5 20. dxe5 fxe5 21.
Bc3 Rc8 22. Rcd1 d4 23. Nxe5 1-0

[Event "ÕÕÕII Nezhmetdinov Memorial"]
[Site "?"]
[Date "2010.06.04"]
[Round "5.5"]
[White "Ponfilenok, Vladimir"]
[Black "Shaposhnikov, Evgeny"]
[Result "1/2-1/2"]
[WhiteElo "2451"]
[BlackElo "2550"]
[PlyCount "62"]
[EventDate "2010.06.01"]
[SourceDate "2010.06.04"]

1. d4 Nf6 2. c4 e6 3. g3 d5 4. Nf3 Bb4+ 5. Bd2 Be7 6. Bg2 O-O 7. O-O Nbd7 8.
Qc2 c6 9. Bf4 a5 10. Rd1 Nh5 11. Bc1 b5 12. c5 f5 13. Ne5 Nxe5 14. dxe5 g5 15.
Nd2 Qe8 16. Nf3 Qg6 17. Nd4 Bd7 18. Bd2 Qg7 19. Qc1 Kh8 20. Bf3 Qg6 21. Kh1 Bd8
22. Rg1 g4 23. Bg2 Bc7 24. Bf4 Nxf4 25. gxf4 Rg8 26. Qe3 Qh6 27. Bf1 Rg6 28.
Rg2 Rag8 29. Kg1 Bd8 30. Rc1 Bc7 31. Rc2 Qf8 1/2-1/2

[Event "ÕÕÕII Nezhmetdinov Memorial"]
[Site "?"]
[Date "2010.06.04"]
[Round "5.2"]
[White "Kharlov, Andrei"]
[Black "Isajevsky, Anton"]
[Result "1/2-1/2"]
[WhiteElo "2516"]
[BlackElo "2424"]
[PlyCount "134"]
[EventDate "2010.06.01"]
[SourceDate "2010.06.04"]

1. e4 c5 2. Nf3 e6 3. d4 cxd4 4. Nxd4 Nc6 5. Nc3 Qc7 6. Be2 Nf6 7. O-O Be7 8.
Kh1 O-O 9. Bg5 Ng4 10. Bxg4 Bxg5 11. Ndb5 Qb6 12. Rb1 a6 13. Nd6 Be7 14. f4 Nd4
15. Nxc8 Raxc8 16. Qd3 Rfd8 17. a3 Qc5 18. Rfd1 Nc6 19. Ne2 Nb8 20. c3 Qc7 21.
Qh3 Nc6 22. Rf1 Bf8 23. Ng3 Re8 24. e5 Rcd8 25. Ne4 d5 26. exd6 Bxd6 27. f5 Bf4
28. fxe6 fxe6 29. Bxe6+ Kh8 30. Bf5 Bh6 31. Ng5 Qe7 32. Nxh7 Rd6 33. g4 g6 34.
Nf6 Rxf6 35. Qxh6+ Qh7 36. Qxh7+ Kxh7 37. Bd7 Rxf1+ 38. Rxf1 Re2 39. Bxc6 bxc6
40. Rf7+ Kh6 41. Rf6 Rxb2 42. h4 Kg7 43. Rxc6 a5 44. a4 Ra2 45. Rc4 Kf6 46. Kg1
Ke6 47. h5 Kf7 48. Kf1 gxh5 49. gxh5 Kg7 50. Ke1 Kh6 51. Kd1 Kxh5 52. Kc1 Kg6
53. Kb1 Rh2 54. Rc5 Kf6 55. Rxa5 Ke6 56. Rb5 Kd6 57. a5 Kc6 58. Rb2 Rh1+ 59.
Kc2 Rh5 60. Ra2 Kb5 61. Kb3 Ka6 62. c4 Rxa5 63. Rh2 Rg5 64. Rh7 Kb6 65. Kb4 Kc6
66. Rh6+ Kc7 67. c5 Rg1 1/2-1/2

[Event "ÕÕÕII Nezhmetdinov Memorial"]
[Site "?"]
[Date "2010.06.04"]
[Round "5.3"]
[White "Askarov, Marat"]
[Black "Gabdrakhmanov, Rafail"]
[Result "1-0"]
[WhiteElo "2499"]
[BlackElo "2362"]
[PlyCount "75"]
[EventDate "2010.06.01"]
[SourceDate "2010.06.04"]

1. c4 c5 2. g3 g6 3. Bg2 Bg7 4. Nc3 Nc6 5. e3 e6 6. Nge2 Nge7 7. O-O O-O 8. d4
cxd4 9. Nxd4 Nxd4 10. exd4 d5 11. cxd5 Nxd5 12. Nxd5 exd5 13. Be3 Be6 14. Qb3
Qb6 15. Rfc1 Bxd4 16. Bxd4 Qxd4 17. Rd1 Qb6 18. Bxd5 Bxd5 19. Rxd5 Qxb3 20.
axb3 a6 21. Rd7 Rab8 22. Rad1 Rfc8 23. R1d4 b5 24. Rf4 Rc1+ 25. Kg2 Rf8 26. Rd6
Ra8 27. Rd7 Rf8 28. Rf6 Rc2 29. Rxa6 Rxb2 30. Rd3 Rc2 31. Rb6 Rc5 32. Rd7 Re8
33. Rf6 Rf8 34. Rb7 Kg7 35. Rfb6 h5 36. b4 Rc2 37. Rd7 Rc4 38. Rxb5 1-0

[Event "ÕÕÕII Nezhmetdinov Memorial"]
[Site "?"]
[Date "2010.06.04"]
[Round "5.7"]
[White "Bezgodova, Svetlana"]
[Black "Skomorokhin, Roman"]
[Result "1/2-1/2"]
[WhiteElo "2112"]
[BlackElo "2447"]
[PlyCount "131"]
[EventDate "2010.06.01"]
[SourceDate "2010.06.04"]

1. Nf3 g6 2. e4 Bg7 3. d4 d6 4. Nc3 a6 5. a4 Nf6 6. Be2 O-O 7. O-O b6 8. Re1
Bb7 9. Bf1 e6 10. Bg5 h6 11. Bf4 Nbd7 12. h3 Qe7 13. Qd2 Kh7 14. Rad1 Rfd8 15.
Bc4 Ne8 16. Bg3 c5 17. d5 Bxc3 18. Qxc3 e5 19. Bh4 g5 20. Bg3 Ng7 21. Nd2 Bc8
22. Be2 Rb8 23. Nc4 a5 24. Bg4 Nf8 25. Bxc8 Rdxc8 26. Qf3 Ng6 27. Rd3 Rb7 28.
Rb3 Rcb8 29. Rb5 Ne8 30. Ne3 Nc7 31. Rb3 b5 32. axb5 Nxb5 33. Qh5 Nd4 34. Rxb7
Rxb7 35. c3 Nb3 36. Nf5 Qf8 37. h4 f6 38. Qe2 Rb6 39. hxg5 fxg5 40. Kh2 Ne7 41.
Ne3 Qf6 42. Nc4 Rb8 43. Qg4 Rf8 44. Re3 Ng8 45. Qd1 a4 46. Nb6 Qg6 47. Nxa4 Rb8
48. c4 Nd4 49. Qg4 Nf6 50. Qh3 Rb4 51. Ra3 Qxe4 52. Qc8 Qf5 53. Qc7+ Qd7 54.
Qxd7+ Nxd7 55. Nc3 Nf6 56. Ra7+ Kg6 57. Ra6 Nf5 58. f3 Rxc4 59. Nb5 Nxg3 60.
Kxg3 Nh5+ 61. Kh2 Rc2 62. Nxd6 Nf4 63. Nc4+ Kh7 64. Ra7+ Kg6 65. Ra6+ Kh7 66.
Ra7+ 1/2-1/2

[Event "ÕÕÕII Nezhmetdinov Memorial"]
[Site "?"]
[Date "2010.06.04"]
[Round "5.8"]
[White "Sharafiev, Azat"]
[Black "Tokarev, Ilya"]
[Result "1-0"]
[WhiteElo "2447"]
[BlackElo "2257"]
[PlyCount "63"]
[EventDate "2010.06.01"]
[SourceDate "2010.06.04"]

1. d4 d5 2. c4 c6 3. Nc3 Nf6 4. Nf3 a6 5. e3 b5 6. b3 Bf5 7. Nh4 Bg4 8. f3 Bh5
9. g4 g5 10. Ng2 Bg6 11. h4 gxh4 12. Nxh4 Qc7 13. Nxg6 Qg3+ 14. Kd2 fxg6 15.
Rh3 Qc7 16. g5 Nh5 17. cxd5 cxd5 18. f4 Nd7 19. Nxd5 Qd6 20. Bg2 Rc8 21. a4 b4
22. e4 Nxf4 23. e5 Nxe5 24. dxe5 Qxe5 25. Nxf4 Bg7 26. Qg4 Rd8+ 27. Kc2 Qc5+
28. Kb1 Bxa1 29. Ne6 Qc8 30. Bc6+ Qxc6 31. Nxd8 Kxd8 32. Qd1+ 1-0

[Event "ÕÕÕII Nezhmetdinov Memorial"]
[Site "?"]
[Date "2010.06.04"]
[Round "5.9"]
[White "Predke, Alexandr"]
[Black "Poniaev, Ruslan"]
[Result "1/2-1/2"]
[WhiteElo "2417"]
[BlackElo "2256"]
[PlyCount "88"]
[EventDate "2010.06.01"]
[SourceDate "2010.06.04"]

1. e4 e5 2. Nf3 Nc6 3. Bc4 Nf6 4. O-O Nxe4 5. Qe1 d5 6. Bb5 f6 7. d4 Be7 8.
dxe5 O-O 9. Nbd2 Nxd2 10. Bxd2 Nxe5 11. Nxe5 fxe5 12. Qxe5 Bf6 13. Qe2 Bxb2 14.
Rab1 Bd4 15. Bd3 Qh4 16. Kh1 Bg4 17. f3 Rae8 18. Be1 Qh6 19. Qd2 Qxd2 20. Bxd2
Bc8 21. a4 b6 22. Bb5 Re6 23. c4 Bb7 24. Rbd1 c5 25. cxd5 Bxd5 26. Bc3 Rf4 27.
Bd2 Rh4 28. Bg5 Rh5 29. h4 Rg6 30. g4 Rgxg5 31. gxh5 Rxh5 32. Kg2 Rxh4 33. Rde1
Kf7 34. Be8+ Kf6 35. Kg3 g5 36. f4 Rxf4 37. Rxf4+ gxf4+ 38. Kxf4 c4 39. Bh5 c3
40. Bd1 a6 41. Bc2 h5 42. Re8 Bc6 43. Rh8 Be5+ 44. Ke3 Ke7 1/2-1/2

[Event "ÕÕÕII Nezhmetdinov Memorial"]
[Site "?"]
[Date "2010.06.04"]
[Round "5.11"]
[White "Dimukhametov, Artur"]
[Black "Sanzhaev, Darsen"]
[Result "1-0"]
[WhiteElo "2278"]
[BlackElo "2150"]
[PlyCount "71"]
[EventDate "2010.06.01"]
[SourceDate "2010.06.04"]

1. d4 Nf6 2. c4 e6 3. Nc3 Bb4 4. Qc2 O-O 5. a3 Bxc3+ 6. Qxc3 d5 7. g3 Ne4 8.
Qc2 Nc6 9. e3 Qf6 10. Bd3 Bd7 11. f3 Ng5 12. f4 Ne4 13. Nf3 Qd8 14. Bxe4 dxe4
15. Qxe4 Na5 16. Qc2 b5 17. cxb5 Bxb5 18. Bd2 Nc4 19. a4 Ba6 20. Kf2 Nxd2 21.
Qxd2 Rb8 22. Rhc1 Rb6 23. b4 Qd5 24. Rc5 Qe4 25. Re5 Qa8 26. Rc5 Bb7 27. Ne5
Bh1 28. Kg1 Rxb4 29. d5 Rfb8 30. Kxh1 Rb2 31. Rc2 Rxc2 32. Qxc2 Qxd5+ 33. Kg1
f6 34. Nc6 Re8 35. Kf2 e5 36. Qa2 1-0

[Event "ÕÕÕII Nezhmetdinov Memorial"]
[Site "?"]
[Date "2010.06.04"]
[Round "5.12"]
[White "Mokshanov, Alexey"]
[Black "Pridorozhni, Aleksei"]
[Result "0-1"]
[WhiteElo "2227"]
[BlackElo "2554"]
[PlyCount "38"]
[EventDate "2010.06.01"]
[SourceDate "2010.06.04"]

1. e4 e5 2. Nf3 Nc6 3. Bc4 Nf6 4. d3 Be7 5. O-O O-O 6. Bg5 d6 7. c3 Nd7 8. Qc1
Nb6 9. Bb3 Bg4 10. Bxe7 Nxe7 11. Nbd2 Ng6 12. h3 Nf4 13. Qc2 Bxh3 14. gxh3 Qd7
15. Ne1 Qxh3 16. Ndf3 Kh8 17. Nh2 f5 18. Kh1 Rf6 19. Rg1 Qxh2+ 0-1

[Event "ÕÕÕII Nezhmetdinov Memorial"]
[Site "?"]
[Date "2010.06.04"]
[Round "5.14"]
[White "Semenova, Elena"]
[Black "Bezgodov, Alexei"]
[Result "0-1"]
[WhiteElo "2162"]
[BlackElo "2494"]
[PlyCount "74"]
[EventDate "2010.06.01"]
[SourceDate "2010.06.04"]

1. e4 e5 2. Nf3 Nc6 3. Bb5 a6 4. Bxc6 dxc6 5. Nc3 f6 6. d4 exd4 7. Nxd4 c5 8.
Nde2 Qxd1+ 9. Nxd1 Be6 10. Bf4 O-O-O 11. Ne3 Ne7 12. Rd1 Re8 13. h4 f5 14. exf5
Nxf5 15. Kd2 Nd4 16. Nc3 Be7 17. Ncd5 Bd8 18. c3 Rhf8 19. cxd4 cxd4 20. Kc1
dxe3 21. Bxe3 Rf5 22. Nc3 Bf6 23. Kb1 Bf7 24. g4 Rf3 25. Rd2 b5 26. Ne2 Bg6+
27. Ka1 Be4 28. Rc1 Bxh4 29. Nd4 Rf7 30. g5 Rd8 31. f4 Bg3 32. Re2 Re8 33. Bd2
Bxf4 34. Rf1 Ref8 35. Rxe4 Bxd2 36. Rxf7 Rxf7 37. a4 Bxg5 0-1

[Event "ÕÕÕII Nezhmetdinov Memorial"]
[Site "?"]
[Date "2010.06.04"]
[Round "5.15"]
[White "Zlachevskiy, Leonid"]
[Black "Mikheev, Stanislav"]
[Result "1/2-1/2"]
[WhiteElo "2111"]
[BlackElo "2310"]
[PlyCount "62"]
[EventDate "2010.06.01"]
[SourceDate "2010.06.04"]

1. e4 c5 2. Nc3 Nc6 3. Nge2 d6 4. d4 cxd4 5. Nxd4 Nf6 6. Bc4 Qb6 7. Nb3 e6 8.
O-O Be7 9. Be3 Qc7 10. f4 a6 11. a4 b6 12. Kh1 Bb7 13. Be2 O-O 14. Bf3 Rab8 15.
Qe2 Rfe8 16. g4 d5 17. Qg2 dxe4 18. Nxe4 Nd5 19. Rae1 Nxe3 20. Rxe3 Qxf4 21.
Qg1 Ne5 22. Bg2 Qxg4 23. Rg3 Qxe4 24. Bxe4 Bxe4+ 25. Rg2 Rec8 26. c3 Ng6 27.
Qf2 f5 28. Nd2 Bxg2+ 29. Qxg2 Rd8 30. Qe2 Kf7 31. Nf3 Bf6 1/2-1/2

[Event "ÕÕÕII Nezhmetdinov Memorial"]
[Site "?"]
[Date "2010.06.04"]
[Round "5.16"]
[White "Gubaydulin, Talgat"]
[Black "Baraeva, Irina"]
[Result "1/2-1/2"]
[WhiteElo "2298"]
[BlackElo "2061"]
[PlyCount "55"]
[EventDate "2010.06.01"]
[SourceDate "2010.06.04"]

1. Nf3 d5 2. c4 c6 3. e3 Nf6 4. Nc3 e6 5. Qc2 Bd6 6. d4 Nbd7 7. Be2 O-O 8. b3
dxc4 9. bxc4 e5 10. O-O Qc7 11. Bb2 Re8 12. h3 exd4 13. exd4 Nf8 14. Rfe1 Ng6
15. Bf1 Bd7 16. Ng5 Rad8 17. Nge4 Nxe4 18. Nxe4 Bf8 19. Bc3 Qc8 20. Qb3 h6 21.
Rad1 Be6 22. a4 Nf4 23. Ba1 Bf5 24. Ng3 Bg6 25. Bb2 Rxe1 26. Rxe1 Ne6 27. Rd1
Be7 28. Bc3 1/2-1/2

[Event "ÕÕÕII Nezhmetdinov Memorial"]
[Site "?"]
[Date "2010.06.04"]
[Round "5.17"]
[White "Shabalin, Evgeny"]
[Black "Baraeva, Marina"]
[Result "1-0"]
[WhiteElo "2233"]
[BlackElo "2102"]
[PlyCount "71"]
[EventDate "2010.06.01"]
[SourceDate "2010.06.04"]

1. Nf3 d5 2. c4 c6 3. b3 Nf6 4. Bb2 Bf5 5. g3 Nbd7 6. Bg2 e6 7. O-O Be7 8. d3
O-O 9. Nbd2 h6 10. Re1 Qc7 11. Rc1 Rad8 12. Rc2 Rfe8 13. Qa1 Bf8 14. Ne5 Nxe5
15. Bxe5 Qe7 16. e4 dxe4 17. dxe4 Bg6 18. c5 Ng4 19. Bd6 Qf6 20. Qxf6 Nxf6 21.
Nc4 Bxd6 22. Nxd6 Re7 23. Rd2 e5 24. Red1 Kf8 25. f3 Ne8 26. Bh3 Rc7 27. Kf2 b6
28. cxb6 axb6 29. Nc4 Rxd2+ 30. Rxd2 Rb7 31. Nxe5 c5 32. Ke3 Bh7 33. Rd7 Rxd7
34. Nxd7+ Ke7 35. Nxb6 Kd6 36. Nd5 1-0

[Event "ÕÕÕII Nezhmetdinov Memorial"]
[Site "?"]
[Date "2010.06.04"]
[Round "5.18"]
[White "Filipenko, Alexander V"]
[Black "Yarullina, Alina"]
[Result "1-0"]
[WhiteElo "2345"]
[BlackElo "2048"]
[PlyCount "119"]
[EventDate "2010.06.01"]
[SourceDate "2010.06.05"]

1. e4 c5 2. Nf3 Nc6 3. d4 cxd4 4. Nxd4 g6 5. c4 Bg7 6. Be3 Nf6 7. Nc3 Ng4 8.
Qxg4 Nxd4 9. Qd1 Ne6 10. Rc1 Qa5 11. Bd3 b6 12. O-O Bb7 13. a3 g5 14. Rc2 Qe5
15. Nd5 Nc5 16. f3 e6 17. Nc3 O-O 18. Bf2 Rfd8 19. Rd2 a5 20. Bb1 Ba6 21. Bg3
Qf6 22. e5 Qh6 23. b4 axb4 24. axb4 Bxc4 25. bxc5 Bxf1 26. Kxf1 bxc5 27. Rxd7
Rxd7 28. Qxd7 f5 29. Ba2 f4 30. Qxe6+ Qxe6 31. Bxe6+ Kh8 32. Bf2 Bxe5 33. Ne4
h6 34. Bxc5 Kg7 35. Bf2 Rd8 36. h4 gxh4 37. Bxh4 Rd1+ 38. Ke2 Rg1 39. Bh3 Rb1
40. Kd3 Rd1+ 41. Nd2 Bd6 42. Kc2 Ra1 43. Nc4 Bc5 44. Bd8 Ra7 45. Ba5 Be7 46.
Kd3 Bg5 47. Ke4 Re7+ 48. Ne5 Ra7 49. Nc6 Ra6 50. Bd7 Kh7 51. Kf5 Ra8 52. Kg4
Ra6 53. Bf5+ Kg8 54. Be4 Kf8 55. Kf5 Kf7 56. Bd5+ Ke8 57. Ke6 Bh4 58. Bb4 Rb6
59. Be4 Rxb4 60. Nxb4 1-0

[Event "ÕÕÕII Nezhmetdinov Memorial"]
[Site "?"]
[Date "2010.06.04"]
[Round "5.19"]
[White "Makhmutov, Rail"]
[Black "Ulanov, Alexandr"]
[Result "0-1"]
[WhiteElo "2108"]
[BlackElo "2364"]
[PlyCount "90"]
[EventDate "2010.06.01"]
[SourceDate "2010.06.05"]

1. e4 d5 2. exd5 Qxd5 3. Nc3 Qd8 4. d4 Nf6 5. Bd3 a6 6. Bg5 Nc6 7. Nge2 Bg4 8.
Qd2 Qd7 9. O-O-O Nb4 10. Bc4 O-O-O 11. d5 e6 12. dxe6 Qxd2+ 13. Rxd2 Rxd2 14.
Kxd2 Bxe6 15. Bxe6+ fxe6 16. Nd4 e5 17. Nf5 Nc6 18. Re1 Kd7 19. f4 Ke6 20. Ng3
h6 21. Bxf6 gxf6 22. f5+ Kf7 23. Nce4 h5 24. h4 Bh6+ 25. Kc3 Bf4 26. Ne2 Rg8
27. g3 Be3 28. Kd3 Bb6 29. c3 Ne7 30. Rf1 Rd8+ 31. Kc2 Nd5 32. Kb3 Ne3 33. Rf3
Rd1 34. c4 Re1 35. N2c3 Bd4 36. c5 Nd1 37. Nxd1 Rxd1 38. Kc2 Re1 39. Kd3 Bxb2
40. g4 hxg4 41. Rg3 Rf1 42. Rxg4 Rxf5 43. Ng3 Rf2 44. Ke4 Ke6 45. Rg6 Rf4+ 0-1

[Event "ÕÕÕII Nezhmetdinov Memorial"]
[Site "?"]
[Date "2010.06.04"]
[Round "5.20"]
[White "Ivanov, Stepan"]
[Black "Vasenev, Sergey"]
[Result "1/2-1/2"]
[WhiteElo "2099"]
[BlackElo "2284"]
[PlyCount "75"]
[EventDate "2010.06.01"]
[SourceDate "2010.06.05"]

1. d4 c5 2. e3 Nf6 3. Nf3 g6 4. b3 Bg7 5. Bb2 O-O 6. Nbd2 Nc6 7. Bd3 b6 8. O-O
d6 9. c4 a5 10. d5 Nb4 11. Bb1 e6 12. e4 e5 13. Ne1 Bg4 14. f3 Bd7 15. a3 Na6
16. Nd3 Nh5 17. f4 Nxf4 18. Nxf4 exf4 19. Bxg7 Kxg7 20. Rxf4 Qg5 21. Rf2 Rae8
22. Nf3 Qe3 23. Raa2 Bg4 24. Rae2 Qc3 25. Qc2 Qa1 26. Qb2+ Qxb2 27. Rxb2 Bxf3
28. Rxf3 Re7 29. Rbf2 f6 30. Rb2 Ra7 31. Rg3 Nb8 32. b4 cxb4 33. axb4 axb4 34.
Rxb4 Nd7 35. h4 Rfa8 36. h5 g5 37. e5 Nxe5 38. Rxb6 1/2-1/2

[Event "ÕÕÕII Nezhmetdinov Memorial"]
[Site "?"]
[Date "2010.06.04"]
[Round "5.21"]
[White "Talov, Nikita"]
[Black "Bushkov, Alexander V."]
[Result "1/2-1/2"]
[WhiteElo "2087"]
[BlackElo "2266"]
[PlyCount "40"]
[EventDate "2010.06.01"]
[SourceDate "2010.06.05"]

1. e4 c5 2. Nf3 d6 3. Bc4 Nf6 4. Qe2 Nc6 5. h3 a6 6. a4 e6 7. O-O Be7 8. c3 O-O
9. Bb3 Na5 10. Bc2 Qb6 11. Na3 e5 12. Nc4 Nxc4 13. Qxc4 Be6 14. Qe2 Rac8 15. d3
h6 16. Be3 Qc7 17. Nh2 d5 18. f4 c4 19. fxe5 cxd3 20. Bxd3 Nxe4 1/2-1/2

[Event "ÕÕÕII Nezhmetdinov Memorial"]
[Site "?"]
[Date "2010.06.04"]
[Round "5.22"]
[White "Dogodkina, Julia"]
[Black "Ospennikov, Dmitry V"]
[Result "1-0"]
[WhiteElo "2066"]
[BlackElo "2243"]
[PlyCount "97"]
[EventDate "2010.06.01"]
[SourceDate "2010.06.05"]

1. d4 d5 2. c4 c6 3. Nf3 Nf6 4. e3 e6 5. Bd3 Nbd7 6. O-O Bd6 7. Nc3 O-O 8. c5
Bc7 9. b4 e5 10. Bc2 Re8 11. a4 exd4 12. exd4 Ne4 13. Nxe4 dxe4 14. Ng5 Nf6 15.
Bb3 Re7 16. f3 exf3 17. Nxf3 Bg4 18. Bg5 Rd7 19. b5 h6 20. Be3 Re7 21. Bf2 Qd7
22. Bc4 Rd8 23. Ra3 Qf5 24. Re1 Red7 25. h3 Bh5 26. Qd3 Qxd3 27. Rxd3 Bxf3 28.
Rxf3 Kf8 29. Kf1 Ba5 30. Re5 Nd5 31. Re6 Re7 32. Rxe7 Kxe7 33. Bg3 f5 34. Bd6+
Kf6 35. Bxd5 cxd5 36. Be5+ Ke6 37. Bxg7 h5 38. Be5 Rg8 39. Bf4 Kf7 40. Bd6 Kf6
41. Re3 Bd8 42. Re5 Kg6 43. Rxd5 Bf6 44. Bf4 Re8 45. Rd6 Kf7 46. c6 bxc6 47.
bxc6 Re4 48. g3 Be7 49. c7 1-0

[Event "ÕÕÕII Nezhmetdinov Memorial"]
[Site "?"]
[Date "2010.06.04"]
[Round "5.23"]
[White "Talipov, Nafis"]
[Black "Bezgodova, Maria"]
[Result "1/2-1/2"]
[WhiteElo "2050"]
[BlackElo "2193"]
[PlyCount "29"]
[EventDate "2010.06.01"]
[SourceDate "2010.06.05"]

1. d4 d5 2. Nf3 c5 3. dxc5 e6 4. e4 Bxc5 5. Nc3 Nf6 6. exd5 Nxd5 7. Ne4 Be7 8.
c3 O-O 9. Bd3 Nc6 10. O-O h6 11. Qe2 Qc7 12. Re1 b6 13. Bd2 Bb7 14. Rad1 Rad8
15. Bc1 1/2-1/2

[Event "ÕÕÕII Nezhmetdinov Memorial"]
[Site "?"]
[Date "2010.06.04"]
[Round "5.24"]
[White "Terentyev, Vitaly"]
[Black "Hamidullin, Aydar"]
[Result "1/2-1/2"]
[WhiteElo "2000"]
[BlackElo "2188"]
[PlyCount "83"]
[EventDate "2010.06.01"]
[SourceDate "2010.06.05"]

1. d4 c5 2. d5 e5 3. c4 d6 4. Nc3 Be7 5. e4 Bg5 6. Bxg5 Qxg5 7. Nf3 Qe7 8. Bd3
Nh6 9. Qd2 O-O 10. h3 f5 11. O-O-O Na6 12. Ng5 f4 13. Nf3 Nc7 14. Rdf1 a6 15.
g3 b5 16. Ne2 fxg3 17. fxg3 bxc4 18. Bxc4 Bd7 19. g4 Bb5 20. Bxb5 axb5 21. Kb1
b4 22. g5 Nf7 23. Rhg1 Nh8 24. Nh4 g6 25. Ng2 Rxf1+ 26. Rxf1 Qd7 27. Qd3 Qa4
28. Nc1 Nb5 29. Ne3 b3 30. a3 Qd4 31. Qxd4 Nxd4 32. Nc4 Nf7 33. h4 Ra4 34. Nb6
Ra6 35. Nc4 Kg7 36. Rf2 h6 37. gxh6+ Nxh6 38. Rg2 Nf7 39. Rg3 Ra4 40. Nb6 Ra6
41. Nc4 Ra4 42. Nb6 1/2-1/2